| 000 | 00000nam##2200000za#4500 |
| 001 | 9.558036 |
| 003 | CaOODSP |
| 005 | 20230131161132 |
| 007 | cr ||||||||||| |
| 008 | 150406|2002||||xxc|||||o f|0| 0 eng|d |
| 020 | |a0-662-31503-0 |
| 022 | |a1701-4387 |
| 040 | |aCaOODSP|beng |
| 043 | |an-cn--- |
| 086 | 1 |aM44-2002/C2E-IN |
| 110 | 2 |aGeological Survey of Canada. |
| 245 | 10|aStratigraphy and structure of the Aylmer Lake volcanic belt and surrounding metasedimentary rocks, Northwest Territories / |h[electronic resource]|c[by] Jim Renaud, Kate MacLachlan, and Scott Cairns. |
| 260 | |aOttawa - Ontario : |bNatural Resources Canada. |c2002. |
| 300 | |a13p.|bcoloured maps, figs. (some coloured), references, table, photographs |
| 490 | 1 |aCurrent research 2002|x1701-4387|v2002-C2 |
| 546 | |a(Résumé en français.) |
| 590 | |a13-28-Supp|b2013-12-09 |
| 830 | #0|aCurrent research (Geological Survey of Canada)|x1701-4387|v2002-C2|w(CaOODSP)9.506236 |
| 856 | 40|ahttp://publications.gc.ca|qPDF|s1.56 MB|uhttps://publications.gc.ca/collections/collection_2013/rncan-nrcan/M44-2002-C2-eng.pdf|y2002-C2 |